| 000 | 01301cam a2200409 4500 | ||
|---|---|---|---|
| 008 | 000000n2001 000 0 eng u | ||
| 020 | _a0415254787 | ||
| 035 | _a(Sirsi) u113414 | ||
| 050 | _a338.4369091 | ||
| 100 |
_aManseau, Andre _xeditor |
||
| 110 |
_aInternational Council for Building Research Studies and Documentation _91423 |
||
| 245 | _aInnovation in construction : an international review of public policies. | ||
| 260 |
_aLondon _bSpon Press _c2001 |
||
| 300 | _axxii,409p. ; 24cm. | ||
| 350 | _a65.00 | ||
| 520 | _aProduced by members of the CIB Task Group 35 on Innovation Systems in Construction, who describe the situation of innovation in the construction industry and assess the effectiveness of public interventions in 15 countries including the UK. | ||
| 650 | _aCONSTRUCTION INDUSTRY | ||
| 650 | _aARGENTINA | ||
| 650 | _aAUSTRALIA | ||
| 650 | _aBRAZIL | ||
| 650 | _aCANADA | ||
| 650 | _aCHILE | ||
| 650 | _aDENMARK | ||
| 650 | _aFINLAND | ||
| 650 | _aFRANCE | ||
| 650 | _aGERMANY | ||
| 650 | _aJAPAN | ||
| 650 | _aPORTUGAL | ||
| 650 | _aNETHERLANDS | ||
| 650 | _aSOUTH AFRICA | ||
| 650 | _aUNITED STATES | ||
| 650 | _aPUBLIC POLICY | ||
| 650 | _aTG35 | ||
| 690 | _aBUILT ENVIRONMENT | ||
| 700 |
_aSeaden, George _xeditor |
||
| 942 | _n0 | ||
| 999 |
_c101522 _d101522 |
||